[Event "Airthings Masters MCCT Prel 2022"]
[Site "Online"]
[Date "2022.02.13"]
[Round "7.5"]
[White "Praggnanandhaa R"]
[Black "Giri, Anish"]
[Result "1/2-1/2"]
[WhiteElo "2612"]
[BlackElo "2772"]
[Annotator "TA"]
[PlyCount "76"]
[EventDate "2022.02.18"]
[EventType "tourn"]
[EventCountry "NET"]
[SourceTitle "playchess.com"]
[Source "ChessBase"]
[SourceQuality "1"]

{[%evp 9,76,21,31,41,18,32,32,26,16,36,20,16,16,19,33,42,47,43,68,0,10,12,19,
16,23,10,16,-12,0,0,0,0,0,-6,83,84,85,93,107,92,81,77,85,0,15,5,8,5,8,0,0,0,1,
2,0,0,0,0,0,0,0,0,0,0,0,0,0,0,0]} 1. d4 d5 2. Nf3 Nf6 3. Bf4 Bf5 4. c4 e6 5.
Qb3 dxc4 6. Qxb7 {D02: 1 d4 d5 2 Nf3 sidelines, including 2...Nf6 3 g3 and 2...
Nf6 3 Bf4.} Be4 7. Qxc7 Bb4+ 8. Nbd2 {Qxd8+ is the strong threat. White is
slightly better.} Qxc7 9. Bxc7 Ke7 10. e3 Rc8 $1 11. Bg3 {[#]} c3 $146 ({
Predecessor:} 11... Bd5 12. Rc1 Nbd7 13. Ke2 c3 14. bxc3 Bxc3 15. Kd1 a5 16.
Bd3 Bxa2 17. Rc2 Bd5 {½-½ (39) Aronian,L (2781)-Carlsen,M (2847) chess24.com
INT 2021}) 12. bxc3 Rxc3 13. Be2 $1 Rc2 14. a3 (14. Kd1 $1 $14 Bg6 15. a3 Bxd2
16. Nxd2) 14... Ba5 15. Kd1 Bxf3 16. Nxf3 Rb2 17. Bd3 {aiming for Ne5.} Nbd7
18. e4 Rc8 {And now ...Rc3 would win.} 19. Rc1 $36 {[%mdl 2048] White has good
play.} Rc3 20. Rxc3 Bxc3 21. Rf1 h6 (21... g5 $11) 22. Bf4 $1 $16 Ra2 23. Bc1
$1 {A strong pair of Bishops.} Bb2 24. Bxb2 (24. Bd2 {is more complex.} Bxa3
25. Bc3 Ng4 26. Bc2 Ndf6 27. Bd2) 24... Rxb2 {[#]} 25. Nd2 $1 Ra2 {[#]} 26. Ke2
(26. Nb1 $1 $16) 26... Rxa3 {The position is equal.} 27. Rb1 Ra4 28. Rb7 {
next Bb5 is good for White.} Kd8 $1 ({Don't play} 28... Rxd4 29. Nb3 Ra4 30. e5
Ra2+ 31. Kf3 $16) 29. Bb5 Rxd4 {Hoping for ...Rb4.} 30. Rxa7 Rb4 31. Bxd7 Nxd7
$11 {[%mdl 4096] Endgame KRN-KRN} 32. Kd3 Ne5+ 33. Kc3 {Black must now prevent
Ra8+.} Rb8 {Inhibits Ra8.} 34. f4 Rc8+ 35. Kb3 Rb8+ 36. Kc3 Rc8+ 37. Kb3 Rb8+
38. Kc3 Rc8+ {Weighted Error Value: White=0.07 (flawless) /Black=0.08 
(flawless)} 1/2-1/2

[Event "Airthings Masters MCCT Prel 2022"]
[Site "Online"]
[Date "2022.02.13"]
[Round "7.6"]
[White "Le, Quang Liem"]
[Black "Mamedyarov, Shakhriyar"]
[Result "1-0"]
[WhiteElo "2709"]
[BlackElo "2767"]
[Annotator "TA"]
[PlyCount "71"]
[EventDate "2022.02.18"]
[EventType "tourn"]
[EventCountry "NET"]
[SourceTitle "playchess.com"]
[Source "ChessBase"]
[SourceQuality "1"]

{[%evp 12,71,74,69,72,66,75,37,33,24,92,59,147,139,142,137,135,136,145,86,85,0,
66,74,66,66,117,122,161,186,186,183,226,206,203,157,182,184,232,203,292,254,
254,0,330,320,331,335,341,331,343,314,290,304,291,277,653,653,653,653,598,408]
} 1. d4 {[%cal Bd2d4,Bd4e5][%mdl 32]} Nf6 2. c4 e5 3. dxe5 Ng4 4. Bf4 g5 5. Bg3
Bg7 6. Nf3 Nc6 7. h4 Ngxe5 {A52: Budapest Gambit.} 8. Nxe5 Nxe5 9. hxg5 {
And now Nc3 would win.} Nxc4 {White is slightly better.} 10. Nc3 {[#] Black
must now prevent Qc2.} Qxg5 (10... c6 $1 $11) 11. Rh4 Ne5 (11... Nxb2 $2 12.
Re4+ Kd8 13. Qb3 $18) (11... Bxc3+ $14 12. bxc3 Ne5) 12. Nd5 O-O {[#]} 13. Nxc7
$146 ({Predecessor:} 13. e3 d6 14. Rh5 Qg4 15. Be2 Qd7 16. Qc2 f5 17. Nxc7 Rb8
18. Rc1 Kh8 19. Nb5 {1-0 (26) Riazantsev,A (2617)-Ponkratov,P (2530) Satka 2008
}) 13... Rb8 {[%cal Od7d6]} 14. e3 {Strongly threatening Rh5.} d6 {[#]} 15. Nd5
{White is more active.} (15. Qxd6 $6 Bf5 $11) (15. Be2 $142 $1) 15... Be6 16.
Bd3 $40 {[%mdl 128] White is up to no good.} h6 (16... Nxd3+ $11 17. Qxd3 h6)
17. Be2 $14 Rbc8 {[%cal Oe5d3]} 18. Kf1 Bxd5 (18... Rc5 $14 19. Nc3 Rc6) 19.
Qxd5 $16 Rc2 20. Qxb7 (20. Qxd6 $6 Rd8 21. Qa3 Rdd2 $11) 20... Rfc8 21. Rd1 Ng6
(21... Qf5 $142 22. Qd5 (22. Rxd6 Rc1+ 23. Rd1 Rxd1+ 24. Bxd1 Rc1 $14) 22...
Rc1) 22. Rh5 {[%cal Bh4h5,Bh5d5,Bd5d6][%mdl 32]} Qf6 23. Bg4 Rc1 24. Rhd5 (24.
Qxa7 $6 Ne7 25. Qa4 R8c4 $16) 24... R8c2 (24... Rxd1+ $142 25. Rxd1 Rc2) 25.
Qb8+ Kh7 (25... Bf8 $142 26. Rxd6 Rxd1+ 27. Rxd1 a6) 26. Rxd6 Qg5 27. Bf3 (27.
Rxc1 $18 Rxc1+ 28. Rd1) 27... Rxb2 {[%mdl 8192]} (27... Be5 $1 $11 {and Black
is okay.} 28. Bxe5 (28. Qxa7 Bxd6 29. Qxf7+ Kh8 $11) 28... Qh4) 28. Qxa7 $18 {
The board is on fire.} Rxd1+ 29. Rxd1 Qf5 30. Kg1 h5 31. Qd7 Qxd7 32. Rxd7 h4
33. Bc7 Ne5 $2 (33... Be5) 34. Be4+ {White is clearly winning.} Kh6 35. Bxe5
Bxe5 36. Rxf7 {Weighted Error Value: White=0.25 (precise) /Black=0.51} 1-0

[Event "Airthings Masters MCCT Prel 2022"]
[Site "Online"]
[Date "2022.02.13"]
[Round "7.7"]
[White "Hansen, Eric"]
[Black "Aronian, Levon"]
[Result "1/2-1/2"]
[WhiteElo "2606"]
[BlackElo "2772"]
[Annotator "TA"]
[PlyCount "183"]
[EventDate "2022.02.18"]
[EventType "tourn"]
[EventCountry "NET"]
[SourceTitle "playchess.com"]
[Source "ChessBase"]
[SourceQuality "1"]

{[%evp 13,183,41,41,27,22,18,15,0,0,0,0,0,0,-35,-37,-47,-36,-41,-45,-69,-21,
-28,0,0,11,-13,0,0,38,50,41,43,65,34,55,46,51,37,46,10,14,-60,-60,-60,-60,-60,
-60,-77,-47,-50,-50,-43,-44,-43,-43,-47,-47,-47,-52,-77,-77,-77,-77,-84,-86,
-92,-77,-77,-70,-77,-77,-85,-85,-91,-91,-112,-112,-112,-112,-190,-190,-190,
-189,-170,-112,-112,-112,-112,-112,-189,-189,-232,-120,-205,-112,-112,-112,
-112,-8,-8,-8,-8,-8,-8,-8,-8,0,0,0,-8,-8,-8,-8,-8,-8,-8,-17,-32,-8,-10,-10,-10,
-10,-10,-10,-10,-10,-10,-10,-17,-17,-17,-32,-32,-17,-32,-25,-32,-32,-32,-32,
-32,-32,-32,-32,-32,-32,-32,-32,-32,-25,-32,-32,-32,-32,-32,-32,-32,-32,-32,0,
0,0,0,0,-8,0,-8,-8,-32,-32,-32]} 1. e4 e5 2. Nf3 Nc6 3. Bc4 Nf6 4. d3 h6 5. O-O
d6 6. c3 g6 7. Re1 Bg7 8. d4 {C55: Two Knights: 4 d3, 4 d4 exd4 5 e5 and Max
Lange Attack.} O-O 9. dxe5 (9. h3 {with more complications.} exd4 10. cxd4 d5
11. exd5 Ne7 12. d6) 9... dxe5 10. Qxd8 {The position is equal.} Rxd8 11. Nbd2
{[#]} a5 $146 {[%cal Ba7a5,Ba5a4][%mdl 32]} ({Predecessor:} 11... a6 12. a4 b6
13. Ba2 a5 14. Bc4 Bb7 15. h3 {½-½ (15) Semeniuk,A (2365)-Mukhametov,E
Novosibirsk 1989}) 12. Bb5 Ne8 13. b3 Nd6 14. Bf1 Be6 15. Ba3 a4 16. g3 b6 (
16... f5 $15) 17. Kg2 Na7 18. Bxd6 cxd6 19. bxa4 Nc8 20. Bb5 Ra7 (20... d5 $5 {
[%cal Rd5e4]}) 21. c4 Rc7 22. Nf1 h5 23. Ng5 Bd7 24. Ne3 Ne7 25. Rad1 Bh6 26.
h4 f6 {[#]} 27. Bxd7 (27. c5 $1 $11 Rxc5 28. Bc4+ Kg7 29. Nf7) 27... Rdxd7 $15
28. Nf3 Bxe3 29. Rxe3 Rxc4 30. Rb3 Kf7 31. Rxb6 d5 32. exd5 Nxd5 33. Rbb1 Rxa4
34. Ra1 $1 Ke6 35. Rd2 Rda7 36. Rc1 {aiming for Rc6+.} R7a6 {Prevents Rc6+.}
37. Rcc2 Ra3 38. Rb2 Nc3 $1 39. Rbc2 Kf5 (39... Nxa2 {keeps more tension.} 40.
Rd8 Nb4 41. Re8+ Kd7 42. Rcc8 Nc6) 40. Rd8 Rc6 41. Rd3 {[#]} Nxa2 $1 {[%cal
Oa2b4]} 42. Rxc6 (42. Rxa3 Rxc2) 42... Rxd3 $17 {[%mdl 4096] Endgame KRN-KRN}
43. Ne1 Nb4 44. Nxd3 Nxc6 {KN-KN} 45. f3 Ke6 {White must now prevent ...Kd5.}
46. Kf2 {[#]} (46. Nc5+ $17 Kd5 47. Nd7) 46... Kd5 $1 $19 47. Ke3 Nd4 {[%cal
Od4f3]} 48. Nb4+ Kc4 (48... Kc5 $19 49. Na6+ Kd6) 49. Na6 $17 Nf5+ 50. Kf2 Ne7
51. Ke3 (51. Nc7 $17 {might work better.}) 51... Nd5+ $19 52. Ke4 Nc3+ 53. Ke3
{[#]} f5 (53... g5 $1 $19 {...gxh4 is the strong threat.} 54. Nb8 gxh4 55. gxh4
Kd5) 54. Nb8 $17 Nd5+ 55. Ke2 e4 (55... Nb6 $17 56. Nc6 Kd5 57. Nb4+ (57. Ne7+
Ke6 $17) 57... Kd6) 56. Nc6 $1 $11 Kc5 57. Ne5 Ne7 58. Ke3 Kd5 59. Nf7 Nc8 60.
Nh8 Ne7 {Threatens to win with ...Ke6.} 61. Nf7 exf3 62. Kxf3 Ke6 63. Ng5+ Ke5
64. Nf7+ Kf6 65. Ng5 Nd5 66. Nh3 Ke5 67. Nf2 Nb4 68. Nh3 Nd3 69. Ke3 Nc5 70.
Nf4 Kf6 71. Nd5+ Kf7 72. Nf4 Ne4 73. Kf3 Nf6 74. Nd3 Ng4 75. Nf4 Ne5+ 76. Ke3
Nc4+ 77. Kd3 Nb6 78. Kd4 Nd7 79. Ke3 $1 Nc5 80. Kf3 Nb7 81. Ke3 Nd8 82. Kf3 Nc6
83. Ke3 Ne7 84. Kd4 Kf6 85. Ke3 Nc8 86. Nd5+ Ke5 87. Nf4 Ne7 88. Kf3 Kd4 89.
Ne6+ Kd5 90. Nf4+ Ke5 91. Nd3+ Kf6 92. Nf4 {White happily takes the draw. 
Weighted Error Value: White=0.11 (very precise) /Black=0.11 (very precise)}
1/2-1/2

[Event "Airthings Masters MCCT Prel 2022"]
[Site "Online"]
[Date "2022.02.13"]
[Round "7.8"]
[White "Ding, Liren"]
[Black "Duda, Jan-Krzysztof"]
[Result "1/2-1/2"]
[WhiteElo "2799"]
[BlackElo "2760"]
[Annotator "TA"]
[PlyCount "107"]
[EventDate "2022.02.18"]
[EventType "tourn"]
[EventCountry "NET"]
[SourceTitle "playchess.com"]
[Source "ChessBase"]
[SourceQuality "1"]

{[%evp 26,107,27,1,18,11,6,0,9,12,8,-7,-12,-12,-7,-8,-6,-4,-6,-6,-4,-2,-7,-6,0,
0,0,0,0,0,0,0,0,0,0,-8,-8,-8,-8,-8,0,-57,0,0,0,0,0,0,0,0,0,0,0,-8,0,0,0,0,0,0,
0,0,0,0,151,81,81,0,0,-8,-8,-8,0,-8,0,0,0,0,8,8,8,8,8,8]} 1. d4 Nf6 2. c4 e6 3.
Nf3 d5 4. Nc3 c5 5. cxd5 Nxd5 6. e4 Nxc3 7. bxc3 cxd4 8. cxd4 Bb4+ 9. Bd2 Bxd2+
10. Qxd2 O-O 11. Bc4 Nd7 12. O-O b6 13. Rfe1 Bb7 14. Rad1 Rc8 {D41: Queen's
Gambit Declined: Semi-Tarrasch with 5 cxd5.} 15. Bb3 Re8 16. h3 Nf6 17. Qf4 {
[%cal Od4d5]} Qc7 18. Qxc7 Rxc7 19. d5 exd5 20. exd5 Rxe1+ 21. Rxe1 Kf8 {[#]}
22. d6 $146 ({Predecessor:} 22. Nd4 Bxd5 23. Nb5 Rd7 24. Rc1 Bxb3 25. axb3 Ke7
26. Na3 {0-1 (50) Nesterov,A (2491)-Martin Carmona,G (2294) Chess.com INT 2021}
) 22... Rd7 23. Ne5 Rxd6 24. Nxf7 Rd4 25. Ng5 Bd5 26. Ne6+ Bxe6 27. Rxe6 $11 {
[%mdl 4096] Endgame KRB-KRN} Nd7 28. Rc6 Nc5 29. Rc8+ Ke7 30. Rc7+ Rd7 31.
Rxd7+ Kxd7 {KB-KN} 32. Bg8 h6 33. f4 (33. Kf1 $11) 33... b5 (33... Ne4 $1 $15)
34. Kf2 a5 {[%cal Ba7a5,Ba5a4,Ba4a3][%mdl 32]} 35. Ke3 Kd6 36. Kd4 a4 37. h4 b4
38. Kc4 b3 39. axb3 a3 40. Kc3 $1 {Black must now prevent b4.} ({Don't blunder
} 40. b4 $2 a2 $1 41. bxc5+ Kc7 $19) 40... Nd3 {...a2 is the strong threat.}
41. b4 ({But not} 41. Kxd3 $2 a2 42. Bh7 a1=Q $19) 41... Nxf4 42. g4 Ng6 43. h5
Ne5 44. Kb3 g6 $2 {[#]} (44... a2 $11 45. Kxa2 Nxg4) 45. hxg6 ({Stronger than} 
45. Kxa3 g5 $11) ({White should try} 45. g5 $1 {[%cal Rg5h6]} Ng4 46. hxg6)
45... Nxg6 $16 {[#]} 46. Kxa3 (46. Bc4 $1 $16) 46... Ne5 $11 {The position is
equal.} 47. Ka4 Nxg4 48. Bf7 Kc7 49. Bh5 Ne5 50. Kb5 Nc6 51. Kc5 Nxb4 52. Kxb4
Kd6 53. Be2 h5 54. Bxh5 {Weighted Error Value: White=0.09 (flawless) /Black=0.
11 (very precise)} 1/2-1/2

[Event "Airthings Masters MCCT Prel 2022"]
[Site "Online"]
[Date "2022.02.13"]
[Round "8.1"]
[White "Artemiev, Vladislav"]
[Black "Duda, Jan-Krzysztof"]
[Result "1/2-1/2"]
[WhiteElo "2700"]
[BlackElo "2760"]
[Annotator "TA"]
[PlyCount "66"]
[EventDate "2022.02.18"]
[EventType "tourn"]
[EventCountry "NET"]
[SourceTitle "playchess.com"]
[Source "ChessBase"]
[SourceQuality "1"]

{[%evp 12,66,0,11,15,12,16,22,16,19,29,30,22,19,30,21,21,26,26,30,21,13,9,19,
13,13,14,12,5,8,7,0,0,0,0,0,0,0,0,0,0,0,0,0,0,0,0,0,0,0,0,0,0,0,0,0,0]} 1. Nf3
d5 2. g3 c5 3. Bg2 Nf6 4. O-O Nc6 5. d4 e6 6. b3 cxd4 7. Nxd4 Bd7 {D02: 1 d4
d5 2 Nf3 sidelines, including 2...Nf6 3 g3 and 2...Nf6 3 Bf4.} 8. c4 Bc5 9. Bb2
Bxd4 10. Bxd4 {[#]} Nxd4 $146 ({Predecessor:} 10... dxc4 11. Bc5 Qa5 12. b4 Qc7
13. Na3 O-O-O 14. Nb5 Qe5 15. Nd6+ Kb8 16. Nxf7 Qh5 17. Nxh8 Rxh8 18. Qd6+ Ka8
19. b5 Nd8 20. Be3 Ng4 21. h3 {1-0 (21) Fadi,M (2276)-Ibrahim,M (2000) Cairo
2016}) 11. Qxd4 {[%cal Rc4d5]} dxc4 $1 12. Bxb7 Rb8 13. Bf3 cxb3 14. axb3 Rxb3
15. Nd2 {[%cal Bb1d2,Bd2e4,Be4d6][%mdl 32]} Rb8 16. Rxa7 {[#] Strongly
threatening Qd6. The position is equal.} O-O 17. Ne4 {aiming for Nxf6+.} Bb5
18. Nd6 Qb6 19. Qxb6 Rxb6 20. Nxb5 Rxb5 21. h4 h5 22. Rc1 g6 23. Rcc7 Nd5 24.
Rc4 Kg7 25. Kg2 Re8 26. Bxd5 Rxd5 $11 {[%mdl 4096] Endgame KRR-KRR} 27. Rcc7
Rf8 28. Rd7 Rxd7 29. Rxd7 Ra8 30. Rc7 Rb8 31. Rd7 Ra8 32. Rc7 Rb8 33. Rd7 Ra8 {
An even fight not without its subleties.  Weighted Error Value: White=0.01 
(flawless) /Black=0.00 (flawless)} 1/2-1/2

[Event "Airthings Masters MCCT Prel 2022"]
[Site "Online"]
[Date "2022.02.13"]
[Round "8.2"]
[White "Aronian, Levon"]
[Black "Ding, Liren"]
[Result "1-0"]
[WhiteElo "2772"]
[BlackElo "2799"]
[Annotator "TA"]
[PlyCount "99"]
[EventDate "2022.02.18"]
[EventType "tourn"]
[EventCountry "NET"]
[SourceTitle "playchess.com"]
[Source "ChessBase"]
[SourceQuality "1"]

{[%evp 18,99,0,0,0,0,0,2,0,-6,16,20,26,27,14,14,47,46,83,54,108,58,64,73,127,
52,103,84,95,83,92,33,31,52,44,60,50,48,45,0,0,-5,0,-2,0,0,14,19,141,72,90,0,0,
0,0,0,0,0,29,29,109,115,12833,12833,12833,12831,29991,29992,29992,12842,29991,
638,611,618,600,591,584,552,12835,12834,1237,518,12841,12838]} 1. e4 e5 2. Nf3
Nc6 3. Bc4 Nf6 4. Ng5 d5 5. exd5 Na5 6. Bb5+ c6 7. dxc6 bxc6 8. Be2 h6 9. Nh3
$1 {[%mdl 4] is recently more successful than 9.Nf3.} Bd6 10. d3 O-O {C59: Two
Knights: 4 Ng5 d5 5 exd5 Na5 5 Bb5+ c6 6 dxc6 bxc6 7 Be2.} 11. Nd2 $5 {[%cal
Bb1d2,Bd2e4,Be4c5][%mdl 4] An interesting side line.} (11. Nc3 Nb7 12. O-O Nc5
13. Kh1 Bf5 14. Ng1 e4 15. dxe4 Ncxe4 16. Nxe4 Nxe4 17. Be3 Qc7 18. Bd3 Rfe8
19. h3 Rad8 20. Qf3 Bg6 21. Rad1 c5 {1-0 (33) Aronian,L (2772)-Ding,L (2801)
Kolkata 2019}) 11... c5 12. O-O Bc7 {The position is equal.} 13. Kh1 Rb8 14.
Ng1 Nc6 15. c3 {[#]} Ne7 $146 ({Predecessor:} 15... Qe7 16. Ngf3 Rd8 17. Qc2
Bf5 18. Re1 Na5 19. Ne4 Bg6 20. Nfd2 Nd5 21. b3 f5 {½-½ (33) Green,P (2121)
-Welti,M (2147) ICCF email 2019}) 16. Ne4 Ng6 17. Nxc5 Nd5 (17... Qd5 18. b4
$16) 18. Bf3 Nh4 (18... Qe7 $1 $14 19. d4 (19. Bxd5 Qxc5 20. Bb3 Qd6 $14) 19...
exd4 20. cxd4 (20. Bxd5 Qe5 $14) 20... Nh4) 19. Qa4 (19. c4 $16 Nb4 20. a3 Nxf3
21. Nxf3 Nxd3 22. Qxd3 Qxd3 23. Nxd3) 19... Nxf3 20. Nxf3 Rb6 (20... Qd6 $142
21. Ne4 (21. Qxa7 Nb6 $11) 21... Nb6 22. Nxd6 Nxa4) 21. Qh4 (21. Qxa7 Bg4) (21.
c4 $16 Qe7 22. cxd5 (22. Qxa7 Nb4 $16) 22... Qxc5 23. Be3 (23. Qxa7 Rb5 $16))
21... g5 ({Better is} 21... Qxh4 $14 22. Nxh4 Rd8) 22. Qe4 (22. Bxg5 hxg5 23.
Nxg5 Bf5 $17) 22... f5 23. Qc4 g4 24. Ng1 (24. Nd2 $16) 24... Kh7 $14 25. b4
Rg6 26. Bd2 h5 27. Rae1 h4 28. f4 (28. f3 $14) 28... exf4 {With the idea ...
Qd6.} 29. Ne2 {[%cal Re2f4]} f3 30. Nf4 $132 {[%mdl 2048] White puts up
resistance} Nxf4 31. Bxf4 fxg2+ 32. Kxg2 Bb6 (32... Bxf4 $11 33. Rxf4 Qg5) 33.
Re5 {White is much more active.} (33. d4 $142) 33... Bxc5 34. bxc5 (34. Rxc5
$16 Be6 35. Qd4) 34... Ba6 $1 $11 {[%cal Bc8a6,Ba6d3,Bd3e4][%mdl 32]} 35. Qd4 {
Strongly threatening Kg1.} ({Not} 35. Qd5 $2 Bxd3 36. c4 Bxf1+ 37. Kxf1 Qf6 $19
) 35... Bxd3 {aiming for ...Qxd4.} 36. Rd1 {The board is on fire.} Be4+ 37. Kg1
Qf6 38. Qd6 Rf7 {To avoid Re7} (38... Qg7 $11 {keeps the balance.} 39. Re7 Rxd6
40. Rxg7+ Kxg7 41. cxd6 Bc6) 39. Re8 $1 $16 {[%cal Be5e8,Be8h8,Bh8g8][%mdl 32]
Threatens to win with Be5.} Qxc3 {[%mdl 8192] [#] This move loses the game for
Black.} (39... Qxd6 $16 40. cxd6 (40. Rxd6 Rxd6 41. cxd6 Bd5 $14) 40... Rd7)
40. Qd8 $1 $18 Rh6 41. Bxh6 {White threatens Bf4 and mate.} ({Less strong is} 
41. Qg5 Qg7 $16) 41... Qxc5+ 42. Rd4 f4 43. Rh8+ Kg6 {[#]} 44. Qd6+ (44. Bxf4
$142 $1 Qxd4+ 45. Qxd4 Rxf4 46. Qe5 Kf7 47. Qxf4+ Ke7 48. Qxe4+ Kf7 49. Qf5+
Ke7 50. Qg6 h3 51. Rh7+ Kf8 52. Qf7#) 44... Qxd6 {White is clearly winning.}
45. Rxd6+ Kf5 46. Rg8 {[%csl Gh6][%cal Rg8g5]} Ke5 47. Rd1 g3 48. Re8+ Kf5 49.
Bxf4 Kxf4 (49... Bc6 $142 50. Rc8 Rd7 51. Rxd7 Bxd7) 50. Rd4 {Weighted Error
Value: White=0.28 (precise) /Black=0.33} 1-0

[Event "Airthings Masters MCCT Prel 2022"]
[Site "Online"]
[Date "2022.02.13"]
[Round "8.3"]
[White "Mamedyarov, Shakhriyar"]
[Black "Hansen, Eric"]
[Result "0-1"]
[WhiteElo "2767"]
[BlackElo "2606"]
[Annotator "TA"]
[PlyCount "108"]
[EventDate "2022.02.18"]
[EventType "tourn"]
[EventCountry "NET"]
[SourceTitle "playchess.com"]
[Source "ChessBase"]
[SourceQuality "1"]

{[%evp 9,108,0,0,-7,0,0,0,0,4,0,18,16,60,85,72,84,102,16,115,106,114,105,130,
132,154,135,166,166,239,130,121,135,138,124,149,148,152,162,152,122,114,130,
131,120,149,145,147,143,140,111,115,78,85,106,94,101,253,251,331,0,0,0,37,0,0,
0,47,2,14,0,0,0,60,0,0,0,0,-6,0,-90,-90,-115,-148,-286,-277,-327,-356,-430,
-472,-443,-442,-536,-526,-530,-513,-683,-689,-951,-889,-1058,-508]} 1. d4 Nf6
2. Bg5 d5 3. Nd2 c5 4. dxc5 e6 5. e4 Bxc5 {With the idea ...Qb6.} 6. Qe2 {
D00: 1 d4 d5: Unusual lines.} Be7 $5 {[%mdl 4] Leaves trodden paths.} 7. O-O-O
O-O 8. f4 {The position is equal.} Nc6 9. Ngf3 {[#]} Qa5 $146 ({Predecessor:} 
9... a5 10. e5 Nd7 11. h4 a4 12. a3 b5 13. Qxb5 Qc7 14. Bxe7 Nxe7 15. Qb4 Nf5 {
½-½ (65) Andreikin,D (2726)-Najer,E (2648) Chess.com INT 2020}) 10. Kb1 a6 (
10... h6 $11 11. Bxf6 Bxf6) 11. e5 $1 $14 Nd7 12. h4 Qa4 (12... Bxg5 $2 13.
hxg5 (13. Nb3 Qb4 $11) 13... Qa4 14. Qe3 $18 (14. Qd3 g6 $18)) 13. g3 (13. Bxe7
$16 Nxe7 14. g3) 13... Nc5 (13... Bxg5 14. hxg5 (14. b3 $2 Qa3 $19) 14... Nb4
15. a3 Qxc2+ 16. Ka1 $16) (13... Bc5 $1 $11) 14. Bxe7 $16 Nxe7 15. Nb3 {
[%cal Bd2b3,Bb3c5,Bc5e4,Be4d6][%mdl 32]} Ne4 16. Qe1 Bd7 17. Bd3 {And now Bxe4
would win.} Rfd8 18. Ng5 Bc6 {[#]} (18... Rac8 {was called for.} 19. Nd4 (19.
Bxe4 dxe4 20. Nxe4 Bc6 $16) 19... h6) 19. Nxe4 (19. Nxh7 $1 $18 {[%mdl 512]}
Rac8 (19... Bb5 20. Ng5) 20. Ng5) 19... dxe4 {[#]} 20. Nc5 {[%csl LRa4,LRe4]}
Qd4 21. Nxe4 Nf5 22. Nd6 $1 Bxh1 23. Bxf5 Qb6 {[#]} 24. Bxh7+ $1 {[%mdl 512]}
Kxh7 25. Qxh1 Rd7 26. a3 Qc6 27. Qf1 Kg8 28. h5 Rad8 29. Rd3 f5 30. Qd1 Qg2 31.
c3 {[%cal Oh5h6]} Kh7 32. Ka2 b5 $2 {[#]} (32... Re7 $16 {is a better defense.}
) 33. Qb3 $1 $18 Re7 {[#]} 34. Qb4 $2 (34. Nxf5 $1 $18 {[%mdl 512]} Rxd3 35.
Nxe7) 34... Rc7 $11 35. Rd4 {Qb3 is the strong threat.} Rdd7 36. Rd3 Qe2 {
[%csl LRd3,LRh5]} 37. Rd4 Qg2 38. Qb3 (38. h6 $14 gxh6 39. g4) 38... Re7 39.
Rd3 Qe2 40. Qd1 Qg2 (40... Qxd1 $11 41. Rxd1 Red7) 41. Qe1 ({White should play
} 41. Qb1 $14) 41... Rc5 $1 {[%cal Bc7c5,Bc5d5,Bd5d1][%mdl 32]} 42. Rd2 Qf3 43.
Qg1 Rd5 44. Rf2 {[#]} (44. Rxd5 $1 $11 {remains equal.} Qxd5+ 45. Kb1) 44...
Rd1 $1 $17 {Hoping for ...Qd5+.} 45. Rxf3 (45. Qg2 Qxg2) 45... Rxg1 {[%mdl
4096] Endgame KRR-KRN} 46. Rd3 (46. a4 $17) 46... Kh6 $19 47. Kb3 Kxh5 48. Kb4
Kg4 {Black is clearly winning.} 49. Ka5 Rxg3 50. Rd1 Kxf4 51. Kxa6 Kxe5 52.
Nxb5 f4 53. Re1+ Re3 54. Rg1 Kf6 {Quite a comeback for Black.  Weighted Error
Value: White=0.38/Black=0.16 (very precise)} (54... f3 $142 55. Rf1 Rf7) 0-1